000 00553nam a22001817a 4500
999 _c364
_d364
003 AR-CdUCM
008 190223b ||||| |||| 00| 0 spa d
040 _aMUNICIPALIDAD PROVINCIAL DEL CUSCO
_cBIBLIOTECA MUNICIPAL DEL CUSCO
082 _a868.4 /
_bA39
100 _aAlipio
_91480
245 _aEclosión /
_cAlipio [seud.].
260 _aLima :
_bAntares, Artes & Letras,
_c1994.
300 _a103 paginas ;
_bilustraciones. ;
_c21 cm.
650 _aPoesías peruanas
_91481
650 _aSiglo XX.
_98
942 _2ddc
_cLIBROS
945 _aacv
_d2019-02-23